000 00598nam a2200193 i 4500
001 32521
003 ES-MaACL
005 20230906154604.0
007 t|
008 030131s1971 sp ||||1| spa d
100 1 _aBernis Carne, Alberto.
_928348
245 1 0 _aTeatro
_b: Ensayo general ; Duetto Trágico ; Sosiego conyugal ; Matrimonio sin hijos /
_cAlberto Bernis Carne.
260 _aBarcelona :
_bPeñiscola,
_c1971.
300 _a273 p. ;
_c20 cm.
740 0 _aDuetto trágico.
740 0 _aSosiego conyugal.
740 0 _aMatrimonio sin hijos.
852 _aES-MaACL
_jC-44825
_bR.80832
999 _c32521
_d32521